[Event "Asian Zonal 3.2 2019"]
[Site "Dhaka"]
[Date "2019.03.20"]
[Round "3.1"]
[White "Mohammad Fahad, Rahman"]
[Black "Rahman, Ziaur"]
[Result "0-1"]
[WhiteElo "2278"]
[BlackElo "2489"]
[Annotator "TA"]
[PlyCount "120"]
[EventDate "2019.03.14"]
[EventType "swiss"]
[EventCountry "BAN"]
[SourceTitle "playchess.com"]
[Source "ChessBase"]
[SourceQuality "1"]

{[%evp 11,120,0,0,0,0,0,0,0,0,-3,0,0,0,-7,0,0,0,0,0,-2,0,0,0,-14,-12,-12,-12,-10,-13,-11,-14,-31,0,-14,0,-14,-14,-19,-12,-12,0,-7,-7,-8,-10,-14,0,-31,0,0,0,0,0,0,0,-18,-14,-17,-22,-22,-5,-5,-8,-12,-5,-5,-5,-5,-6,-8,0,-6,-6,-6,-8,-8,-8,-8,-8,-185,-123,-258,-258,-357,-338,-341,-580,-576,-576,-508,-341,-289,-256,-29977,-29978,-29977,-29978,-29978,-29979,-29979,-29980,-29980,-29981,-29983,-29984,-29988,-29989,-29989,-29988,-29988,-29986]} 1. e4 c5 2. Nf3 d6 3. d4 cxd4 4. Qxd4 Nf6 5. e5 Nc6 6. Bb5 Qa5+ $1 7. Nc3 {B53: Sicilian: 2...d6: Lines with Qxd4} Qxb5 8. Nxb5 Nxd4 9. Nbxd4 {The position is equal.} (9. Nfxd4 dxe5 10. Nc7+ Kd7 11. Nxa8 exd4 12. Bf4 Nd5 13. O-O-O Kc6 14. Rxd4 e6 {0-1 (40) Plat,V (2569)-Vachier Lagrave,M (2793) chess.com INT 2018}) 9... dxe5 $1 10. Nxe5 Nd5 11. c4 Nc7 12. f4 g6 $146 ({Predecessor:} 12... f6 13. Nef3 e6 14. a4 b6 {1-0 (66) Fernandez,D (2472)-Gukesh,D (2453) Anogia 2018}) 13. Be3 Bg7 14. O-O O-O 15. Rad1 Re8 16. a4 g5 17. Nb5 Nxb5 18. axb5 gxf4 19. Bxf4 Be6 20. b3 a6 21. b6 Rad8 22. Nf3 a5 (22... Bf5 {feels hotter.} 23. c5 Be4 24. Bc7 Rd5 25. b4 Bc3) 23. Be5 Bxe5 24. Nxe5 f6 25. Nf3 Bg4 26. Kf2 Rc8 27. Ra1 Rc6 28. Rxa5 Rxb6 29. Kg3 Bxf3 30. Rxf3 $15 {[%mdl 4096] Endgame KRR-KRR} Rd8 31. Re3 Kf7 32. Rh5 Kg6 33. Rc5 e5 34. Rc7 Rd2 35. Kh3 Rb2 36. Rg3+ Kf5 37. Rxh7 R6xb3 38. Rh5+ Ke6 39. Rxb3 Rxb3+ $11 {KR-KR} 40. g3 $1 Rb2 41. g4 Rb3+ 42. Kh4 Rb4 43. Rh7 Rxc4 {Strongly threatening ...f5.} 44. Rxb7 f5 45. h3 $2 (45. Rb6+ $11 {and White stays safe.} Kd5 46. Rb5+ Ke4 47. Rb1) 45... f4 $19 46. g5 {[#]} (46. Rb6+ $17 {keeps fighting.} Kd5 47. Rb5+ Kd4 48. Rb1) 46... Rc3 $1 47. Rb8 Kf5 48. Rf8+ Ke4 49. g6 Rg3 50. Kh5 {intending h4.} Rxh3+ 51. Kg5 Rg3+ 52. Kf6 $2 {[#]} (52. Kh6 $19 f3 53. g7) 52... f3 {Black mates.} 53. Re8 Kf4 54. g7 e4 55. g8=Q Rxg8 56. Rxg8 e3 57. Kg6 f2 58. Kh5 e2 59. Rf8+ Ke3 60. Re8+ Kd2 {Accuracy: White = 53%, Black = 74%.} 0-1

[Event "Asian Zonal 3.2 2019"]
[Site "Dhaka"]
[Date "2019.03.20"]
[Round "3.2"]
[White "Mollah Abdullah, Al Rakib"]
[Black "Mohammad Minhaz Uddin"]
[Result "1/2-1/2"]
[WhiteElo "2460"]
[BlackElo "2279"]
[Annotator "TA"]
[PlyCount "83"]
[EventDate "2019.03.14"]
[EventType "swiss"]
[EventCountry "BAN"]
[SourceTitle "playchess.com"]
[Source "ChessBase"]
[SourceQuality "1"]

{[%evp 15,83,0,0,-60,0,0,8,6,12,18,63,41,42,26,29,-12,-7,-7,-7,-7,-9,-12,-8,-8,-11,-4,0,0,0,0,0,0,21,18,21,0,4,4,4,5,4,0,0,0,15,14,8,0,0,0,8,18,9,7,3,0,0,-13,-18,-31,0,0,0,0,0,0,0,0,0,0]} 1. d4 Nf6 2. c4 e6 3. Nc3 Bb4 4. Bd2 O-O 5. Nf3 b6 6. e3 Bb7 7. Bd3 d6 8. Qc2 Nbd7 {LiveBook: 16 Games. E21: Nimzo-Indian: 4 Nf3} (8... c5 9. a3 Bxc3 10. Bxc3 cxd4 11. exd4 d5 12. c5 Nc6 13. O-O bxc5 14. dxc5 d4 15. Bd2 Qd5 16. Rfe1 {0-1 (33) Li,C (2746)-Almasi,Z (2684) Baku 2016 CBM 175 [Almasi,Z]}) 9. O-O-O (9. O-O $11) 9... Qe7 ({Black should try} 9... c5 $15) 10. e4 $11 e5 (10... Bxc3 $5 11. Bxc3 e5 $11) 11. Rhe1 $146 ({Predecessor:} 11. Nd5 Bxd2+ 12. Rxd2 Qd8 13. Re1 Re8 14. Rdd1 exd4 15. Nxd4 Nc5 16. Kb1 Nxd3 17. Qxd3 {1-0 (74) Agababean,N (2350)-Szymanska,M (2055) Warsaw 1999}) 11... Bxc3 12. Bxc3 c5 13. dxe5 dxe5 14. Nh4 g6 15. f4 Nh5 16. g3 Nxf4 {aiming for ...Rad8.} 17. Nf5 Nxd3+ 18. Qxd3 gxf5 19. Qxd7 Qxd7 20. Rxd7 Bxe4 {...f6 is the strong threat.} 21. Bxe5 f6 22. Bc3 Rf7 23. Rd6 Kg7 {[#]} 24. g4 $1 {[%mdl 512]} h6 (24... fxg4 25. Rxe4) 25. Kd2 Rc8 26. h4 Rc6 27. Rxc6 Bxc6 28. gxf5 {[%mdl 4096] Endgame KRB-KRB} Bd7 29. Rf1 Re7 30. Rg1+ Kh7 31. Rf1 Kg7 32. Rg1+ Kh7 ({Reject} 32... Kf7 33. Rg6 $16) 33. Bxf6 Rf7 34. Be5 {Threatening f6.} Bxf5 35. h5 Be4 36. b3 Bf3 37. Rf1 Bxh5 (37... Rd7+ {seems wilder.} 38. Ke3 Bxh5 39. Rf8 Kg6 40. Kf4 Be2) 38. Rxf7+ {The position is equal.} Bxf7 39. Bb8 a6 40. Ba7 b5 41. cxb5 axb5 42. Bxc5 {Precision: White = 55%, Black = 65%.} 1/2-1/2

[Event "Asian Zonal 3.2 2019"]
[Site "Dhaka"]
[Date "2019.03.20"]
[Round "3.3"]
[White "Mehdi Hasan Parag"]
[Black "Hossain, Enamul"]
[Result "0-1"]
[WhiteElo "2229"]
[BlackElo "2438"]
[Annotator "TA"]
[PlyCount "50"]
[EventDate "2019.03.14"]
[EventType "swiss"]
[EventCountry "BAN"]
[SourceTitle "playchess.com"]
[Source "ChessBase"]
[SourceQuality "1"]

{[%evp 11,50,39,37,16,49,24,9,-56,-30,-285,-253,-304,-293,-294,-288,-369,-364,-466,-472,-555,-572,-566,-562,-518,-538,-554,-551,-553,-537,-543,-550,-572,-570,-629,-610,-770,-737,-905,-908,-914,-878]} 1. e4 c5 2. Nf3 e6 3. d4 cxd4 4. Nxd4 Nc6 5. Nc3 Qc7 6. Be3 a6 7. Qf3 {B48: Sicilian: Taimanov: 5 Nc3 Qc7 6 Be3 a6 without Be2} b5 (7... Nf6 8. O-O-O Ne5 9. Qg3 b5 10. f4 Neg4 11. Bd2 b4 12. Na4 h5 13. Bd3 d5 14. e5 Ne4 15. Bxe4 dxe4 {½-½ (48) Caruana,F (2832)-Shankland,S (2724) Germany 2019}) 8. O-O-O Bb7 9. a3 $146 (9. Qg3 $11 Qxg3 10. hxg3) ({Predecessor:} 9. Qg3 Bd6 10. f4 Nxd4 11. Rxd4 Bf8 12. Rd2 Nf6 13. Bd3 Qa5 14. Kb1 b4 {0-1 (32) Anton Guijarro,D (2634)-Ivanisevic,I (2653) Berlin 2015}) 9... Nf6 $15 10. Bxb5 $2 {[%mdl 8192] [#]} (10. Bf4 $1 $11 {and White stays safe.} Ne5 11. Qe3) 10... Nxd4 $1 $19 ({Not} 10... axb5 11. Ndxb5 Qb8 12. Bb6 $15) 11. Bxd4 axb5 12. Bxf6 gxf6 13. Qxf6 Rg8 14. Nxb5 {[%cal Rb5c7]} Qc5 {Black is clearly winning.} 15. Rxd7 Kxd7 16. Qxf7+ Qe7 (16... Be7 $2 17. Rd1+ Kc6 18. Nd4+ Kb6 19. Nxe6 $19) 17. Rd1+ Kc6 18. Nd4+ Kb6 19. Qf3 Bh6+ 20. Kb1 Rad8 21. Qb3+ Ka7 22. Rd3 Bg7 23. e5 Bxe5 {[%mdl 64] [#] Double Attack} 24. Nb5+ Kb8 25. Re3 Qc5 {Accuracy: White = 25%, Black = 88%.} 0-1

[Event "Asian Zonal 3.2 2019"]
[Site "Dhaka"]
[Date "2019.03.20"]
[Round "3.4"]
[White "Murshed, Niaz"]
[Black "Mohammad, Javed"]
[Result "1-0"]
[WhiteElo "2406"]
[BlackElo "2151"]
[Annotator "TA"]
[PlyCount "75"]
[EventDate "2019.03.14"]
[EventType "swiss"]
[EventCountry "BAN"]
[SourceTitle "playchess.com"]
[Source "ChessBase"]
[SourceQuality "1"]

{[%evp 15,75,35,41,28,37,22,20,22,21,15,40,9,12,12,0,-3,8,8,35,31,52,38,60,60,104,102,91,45,112,104,104,92,120,121,121,121,116,119,123,120,157,183,191,184,160,125,164,155,162,165,160,120,257,259,249,236,362,364,401,385,593,582]} 1. d4 Nf6 2. c4 g6 3. Nf3 Bg7 4. g3 O-O 5. Bg2 d6 6. O-O Nc6 7. Nc3 a6 8. b3 e5 9. d5 {E63: King's Indian: Fianchetto: Panno Variation with 7...a6} (9. dxe5 dxe5 10. Bg5 Be6 11. Qc1 Qc8 12. Bh6 Bh3 13. Nd5 Bxg2 14. Kxg2 Ne8 15. Rd1 f6 16. Bxg7 Nxg7 17. Qc3 {1-0 (58) Vaibhav,S (2597)-Merry,A (2435) Douglas 2018}) 9... Nd4 10. Ne1 h5 $146 ({Predecessor:} 10... b5 11. Ba3 Rb8 12. cxb5 axb5 13. Nd3 Bg4 14. h3 Bd7 15. Nb4 Qc8 16. e3 Nf5 {1-0 (40) Garcia Boix,R (2115)-Touzane,O (2384) Andorra 2000}) 11. h3 {The position is equal.} Bd7 12. e3 Nf5 13. Bb2 e4 14. Nc2 Re8 15. Ne2 Qc8 16. Rb1 b5 17. cxb5 Bxb5 18. Re1 Qb7 19. Nf4 a5 20. a4 Bd7 21. Na3 Ne7 ({Black should try} 21... Rab8 $14) 22. Bxf6 $1 $16 Bxf6 23. Bxe4 Qb4 24. Nc4 Bxa4 25. bxa4 Qxc4 26. Bd3 Qc5 27. Qf3 {[#] Nxg6 is the strong threat.} Bg7 28. Rec1 Qa7 29. Bb5 Rf8 30. Rc2 Rab8 31. Rbc1 Rb7 32. Qe4 Be5 33. Nd3 f5 (33... Bf6 $16 {was necessary.} 34. Qf3 Kg7) 34. Qc4 $18 Bf6 35. Nf4 Be5 (35... Qc5 $142 36. Qxc5 dxc5) 36. Ne6 Rc8 37. Qd3 Kh7 (37... Rb6 $142 38. e4 fxe4 39. Qxe4 Rb7) 38. Ba6 {Accuracy: White = 56%, Black = 36%.} 1-0

[Event "Asian Zonal 3.2 2019"]
[Site "Dhaka"]
[Date "2019.03.20"]
[Round "3.5"]
[White "Hossain, Showkat Pollab"]
[Black "Abu Sufian, Shakil"]
[Result "1/2-1/2"]
[WhiteElo "2162"]
[BlackElo "2254"]
[Annotator "TA"]
[PlyCount "41"]
[EventDate "2019.03.14"]
[EventType "swiss"]
[EventCountry "BAN"]
[SourceTitle "playchess.com"]
[Source "ChessBase"]
[SourceQuality "1"]

{[%evp 12,41,14,15,17,-23,12,0,18,18,17,9,3,0,6,-43,-27,-25,-27,-60,-43,-41,-41,-41,-43,-41,-35,-34,-30,-31,-27,-25]} 1. e4 c5 2. Nf3 d6 3. Bb5+ Bd7 4. Bxd7+ Qxd7 5. O-O Nc6 6. d4 cxd4 7. Nxd4 Nf6 {B52: Sicilian: Moscow Variation with 3...Bd7} 8. Nxc6 bxc6 9. Qd3 $146 ({Predecessor:} 9. Nc3 e6 10. b3 Be7 11. Bb2 O-O 12. Qe2 {½-½ (12) Pecorelli Garcia,H (2450)-Borges Matos,J (2530) Ciego de Avila 1996}) 9... g6 {The position is equal.} 10. b3 Bg7 {White should prevent ...Nxe4!} 11. Bb2 O-O 12. Nd2 Rfd8 13. c3 Qc7 14. Qe2 a5 {[%cal Ba7a5,Ba5a4][%mdl 32]} 15. Rac1 Nd7 16. Ba1 a4 17. b4 Rdb8 18. a3 c5 19. Nc4 {[%cal Bd2c4,Bc4e3,Be3d5][%mdl 32]} Nb6 20. Ne3 c4 21. Nd5 {Accuracy: White = 51%, Black = 65%.} 1/2-1/2

[Event "Asian Zonal 3.2 2019"]
[Site "Dhaka"]
[Date "2019.03.20"]
[Round "3.6"]
[White "Reefat, Bin-Sattar"]
[Black "Nayem, Haque"]
[Result "*"]
[WhiteElo "2419"]
[BlackElo "2000"]
[Annotator "TA"]
[PlyCount "10"]
[EventDate "2019.03.14"]
[EventType "swiss"]
[EventCountry "BAN"]
[SourceTitle "playchess.com"]
[Source "ChessBase"]
[SourceQuality "1"]

{[%evp 9,10,-400,686]} 1. e4 d5 2. exd5 Qxd5 3. d4 c6 4. Bc4 $146 ({Predecessor:} 4. Nc3 Qd8 5. Bc4 Nf6 6. Nf3 b5 7. Bb3 e6 8. O-O Be7 9. Re1 O-O 10. Qe2 a5 11. a4 b4 12. Ne4 Nbd7 13. Ne5 c5 14. Qf3 Nxe4 {1-0 (47) Raykin,L (2608)-Kemp,A (2588) ICCF email 2005}) 4... Bf5 5. Bd2 e6 $4 {[%mdl 8192]} (5... Qxc4 $19 6. Bc3 Nf6) *

[Event "Asian Zonal 3.2 2019"]
[Site "Dhaka"]
[Date "2019.03.20"]
[Round "3.8"]
[White "Rahman, Taibur"]
[Black "Mihir Lal, Das"]
[Result "1-0"]
[WhiteElo "2226"]
[BlackElo "2023"]
[Annotator "TA"]
[PlyCount "104"]
[EventDate "2019.03.14"]
[EventType "swiss"]
[EventCountry "BAN"]
[SourceTitle "playchess.com"]
[Source "ChessBase"]
[SourceQuality "1"]

{[%evp 22,104,9,6,25,20,38,13,20,14,14,13,33,18,28,25,25,19,26,22,32,27,23,19,23,-7,8,4,17,0,0,0,0,-7,-7,-13,-7,-22,0,0,0,-54,3,-72,-29,-58,-22,-76,0,0,0,0,0,0,72,57,241,210,323,313,315,272,658,648,675,677,725,726,670,749,741,747,739,733,718,641,1412,1360,29986,0,5165,5161,5281,2393,29992]} 1. d4 d5 2. c4 e6 3. Nc3 Nf6 4. cxd5 exd5 5. Bg5 Be7 6. Qc2 c6 7. e3 O-O 8. Bd3 h6 9. Bh4 Re8 10. Nf3 Be6 11. O-O Nbd7 12. Rab1 {LiveBook: 3 Games. D36: Queen's Gambit Declined: Exchange Variation: Main line (5 Bg5 c6 6 Qc2)} (12. Bg3 Rc8 13. h3 a6 14. Rad1 c5 15. a3 {½-½ (15) Figura,A (2334)-Faber,H (2451) Remote email 2012}) 12... Ne4 13. Bxe7 Rxe7 14. b4 {White is slightly better.} Ndf6 15. Ne5 Nxc3 16. Qxc3 Ng4 17. Nf3 $146 ({Predecessor:} 17. a3 Re8 18. h3 Nxe5 19. dxe5 Qh4 {1-0 (34) Shabanov,N (1815)-Nassr,A Kemer 2007}) 17... Rc8 18. Rfc1 Rec7 19. Qc2 a6 20. a4 Qe7 21. Rb3 Nf6 22. h3 Ne4 23. Rb2 Nd6 24. Ne5 Qf6 25. Qc5 (25. Rb3 {with more complications.} Ra8 26. Rc3 Rcc8 27. Rc5 Qg5 28. Kh2) 25... Bf5 26. Bxf5 Nxf5 27. Rbc2 Nd6 28. Qb6 h5 29. Rc5 Ne4 30. R5c2 Nd6 31. Rb2 (31. Rc5 $11) 31... Ne4 (31... Qe6 $15) 32. f3 (32. b5 $11) 32... Nd6 33. Qc5 Nf5 34. Qc3 (34. Re1 $11 {remains equal.}) 34... g5 (34... Re8 $17) 35. Qd3 $11 Kg7 36. Rbc2 Nd6 37. e4 {exd5 is the strong threat.} dxe4 (37... Qf4 $1 $11) 38. fxe4 $16 Qf4 $2 {[#]} (38... Re8 $14) 39. Re1 $1 $18 g4 (39... Qf6 $142 40. Rf2 Qh6) 40. Rf2 Qg5 {intending ...f6.} 41. hxg4 f6 $2 {[#]} (41... Rh8 42. Qg3 Re7) 42. Nf3 $1 {[%cal Rf3g5]} Qxg4 43. e5 fxe5 44. Nxe5 Qg5 45. Re3 {[%cal Be1e3,Be3f3,Bf3f4,Bf4g4][%mdl 32] Threatens to win with Rg3.} h4 46. Ref3 Rg8 47. Rf4 Kh8 48. Rg4 Qc1+ 49. Rf1 Qh6 50. Rf2 $2 (50. Ng6+ {mates} Rxg6 51. Rxg6 Qg7 52. Rxg7 Rxg7 53. Rf8+ Rg8 54. Rxg8+ Kxg8 55. Qg6+ Kf8 56. Qxd6+ Kg8 57. Qb8+ Kf7 58. Qxb7+ Ke6 59. Qxc6+ Kf5 60. Qxa6) 50... Qh5 $2 {[%mdl 8192]} (50... Qc1+ $11 51. Rf1 Qxf1+ 52. Qxf1 Rxg4 53. Nxg4 Rf7) 51. Ng6+ Kg7 52. Qf3 {White threatens Nf8+ and mate.} Ne4 {Precision: White = 47%, Black = 23%.} 1-0

[Event "Asian Zonal 3.2 2019"]
[Site "Dhaka"]
[Date "2019.03.20"]
[Round "4.1"]
[White "Rahman, Ziaur"]
[Black "Murshed, Niaz"]
[Result "1-0"]
[WhiteElo "2489"]
[BlackElo "2406"]
[Annotator "TA"]
[PlyCount "52"]
[EventDate "2019.03.14"]
[EventType "swiss"]
[EventCountry "BAN"]
[SourceTitle "playchess.com"]
[Source "ChessBase"]
[SourceQuality "1"]

{[%evp 9,52,20,46,43,98,86,81,98,90,83,155,147,131,111,106,121,122,112,114,125,115,124,169,159,142,152,144,158,139,114,109,89,180,200,279,274,382,382,408,373,365,367,605,599,789]} 1. d4 d5 2. Bf4 c5 3. e3 Nc6 4. c3 Qb6 5. Qb3 c4 (5... Nf6 6. Nd2 c4 7. Qc2 Nh5 8. Bg5 h6 9. Bh4 g5 10. Be2 Ng7 11. Bg3 Bf5 12. Qc1 e6 {1-0 (41) Carlsen,M (2832)-So,W (2812) Leuven 2017}) 6. Qc2 $1 {D00: 1 d4 d5: Unusual lines} Bf5 ({Black should play} 6... Nf6 $14) 7. Qxf5 $16 {[#] Threatens to win with Qc2.} Qxb2 {And now ...e6 would win.} 8. Qxd5 {White is better.} Qxa1 9. Qb5 O-O-O ({Black should try} 9... a6 10. Qxb7 Nd8 11. Qxa8 Qxb1+ 12. Ke2 e5 13. Bxe5 Qd3+ 14. Kf3 Qxf1) 10. Bxc4 {Strongly threatening Nf3.} e5 11. Bxe5 {Black must now prevent Nf3.} Nb4 12. Bd3 $1 {[%cal Rd3f5]} Nxd3+ 13. Qxd3 Qxa2 14. Nf3 $146 f6 15. Bg3 Bd6 {[#]} 16. O-O $1 ({Don't take} 16. Bxd6 $6 Rxd6 17. O-O Kb8 $14) 16... Bxg3 17. hxg3 Ne7 18. c4 {[%mdl 1024] White has strong compensation.} Kb8 19. Na3 Rc8 20. Rb1 Rhd8 (20... Rc6 $16) 21. Ne1 ({Inferior is} 21. Qe4 Nd5 $11) 21... Nc6 {Black wants to play ...Ne5!} 22. Qc3 Qe2 23. Nf3 Rd7 24. Qb3 Na5 25. Qa4 Nc6 $2 (25... Qa2 26. Qxd7 Qxa3) 26. d5 $18 Rcd8 {Accuracy: White = 90%, Black = 36%.} 1-0

[Event "Asian Zonal 3.2 2019"]
[Site "Dhaka"]
[Date "2019.03.20"]
[Round "4.2"]
[White "Hossain, Enamul"]
[Black "Mollah Abdullah, Al Rakib"]
[Result "1/2-1/2"]
[WhiteElo "2438"]
[BlackElo "2460"]
[Annotator "TA"]
[PlyCount "25"]
[EventDate "2019.03.14"]
[EventType "swiss"]
[EventCountry "BAN"]
[SourceTitle "playchess.com"]
[Source "ChessBase"]
[SourceQuality "1"]

{[%evp 19,25,16,34,16,33,0,16,15]} 1. Nf3 Nf6 2. g3 d5 3. Bg2 c6 4. d3 Bg4 5. Nbd2 Nbd7 6. O-O e5 7. e4 dxe4 8. dxe4 Bc5 9. h3 Bh5 10. Qe1 O-O 11. a4 {A07: Réti Opening: New York and Capablanca Systems} (11. Nh4 Re8 12. Nb3 Bf8 13. Be3 Qc7 14. a4 a5 15. f3 b5 16. Qf2 b4 17. Nd2 c5 18. b3 Nb6 {1-0 (49) Efimenko,Z (2635)-Timman,J (2541) Germany 2018}) 11... a5 12. Nb3 Bb4 $146 ({Predecessor:} 12... Bb6 13. Bd2 Re8 14. Bc3 Bxf3 15. Bxf3 Qc7 16. Bg2 Nf8 17. Nd2 Bd4 18. Nc4 Bxc3 19. Qxc3 {1-0 (82) Azaladze,S (2489)-Iljin,T (2482) Alushta 2012}) 13. Bd2 1/2-1/2

[Event "Asian Zonal 3.2 2019"]
[Site "Dhaka"]
[Date "2019.03.20"]
[Round "4.3"]
[White "Mohammad Minhaz Uddin"]
[Black "Hossain, Showkat Pollab"]
[Result "1-0"]
[WhiteElo "2279"]
[BlackElo "2162"]
[Annotator "TA"]
[PlyCount "149"]
[EventDate "2019.03.14"]
[EventType "swiss"]
[EventCountry "BAN"]
[SourceTitle "playchess.com"]
[Source "ChessBase"]
[SourceQuality "1"]

{[%evp 9,149,19,27,35,31,12,20,10,61,27,41,46,59,57,62,48,58,48,54,60,75,4,5,-8,0,0,-3,-6,-6,-8,-2,-10,-14,-6,0,-1,0,0,0,0,15,0,30,28,28,14,31,25,29,19,47,24,66,73,68,40,73,40,79,90,113,91,91,50,50,50,66,66,66,66,66,66,66,66,66,66,66,66,74,66,66,66,66,23,66,66,83,79,58,33,33,33,35,31,33,22,16,35,30,25,36,34,43,0,102,102,80,64,99,93,85,60,101,88,357,358,358,350,29966,29967,29968,29969,29975,29976,29976,29977,29977,29978,29978,29979,29979,29980,29979,29975,29976,29977,29977,29978,29977,29978,29978,29979]} 1. e4 c5 2. Nf3 a6 3. d4 cxd4 4. Nxd4 e5 5. Nb3 Nf6 6. Bg5 {B28: Sicilian: 2 Nf3 a6 (O'Kelly Variation)} Be7 (6... Bb4+ 7. c3 Be7 8. Qd3 O-O 9. N1d2 Nc6 10. Nc4 Nxe4 11. Bxe7 Nxe7 12. Nxe5 d5 13. Be2 Qd6 {0-1 (27) Stany,G (2399)-Bogner,S (2602) Leiden 2014}) 7. Bxf6 Bxf6 8. Nc3 {The position is equal.} g6 (8... Nc6 $11) 9. Nd2 $146 ({Predecessor:} 9. Qd6 Nc6 10. Nd5 Be7 11. Nxe7 Qxe7 12. O-O-O Qxd6 13. Rxd6 Ke7 {½-½ (50) Kidzinski,L (2048)-Gunajew,R (2249) Wysowa 2007}) 9... O-O 10. Nc4 b5 11. Nd6 Nc6 12. Nd5 Be7 13. Nxc8 Rxc8 14. c3 Bc5 {[#]} 15. Bd3 ({White should try} 15. Be2 $1 $16) 15... Ne7 $11 16. Bc2 Nxd5 17. Qxd5 b4 18. O-O bxc3 19. bxc3 d6 20. Rad1 Kg7 21. Kh1 Qf6 22. Bb3 Rc7 23. Qd3 a5 24. g3 Ra7 25. f4 h5 26. f5 g5 27. Bd5 Rh8 28. h3 a4 29. Rb1 a3 30. Rb5 Rf8 31. Qd2 Rc7 32. Kg2 Rh8 33. Rb3 g4 34. h4 Qh6 35. f6+ Kg6 36. Qxh6+ Kxh6 37. Rf5 Be3 38. Kf1 Kg6 39. Ke2 Bc1 40. Kd3 Ra7 41. Rb1 Bh6 42. c4 Rd8 43. Kc2 Be3 44. Rb3 Bh6 45. Rf1 Rc8 46. Rb6 Rd8 47. Kd3 Bf8 48. Rfb1 Bh6 49. Rb8 Rxb8 50. Rxb8 $14 {[%mdl 4096] Endgame KRB-KRB} Rd7 51. Bc6 Rc7 52. Bb5 Kxf6 53. Rd8 Bc1 54. Rxd6+ Ke7 55. Ra6 Rc8 56. Kc2 Bb2 (56... Be3 $1 $11) 57. Rh6 $16 Bd4 58. Rxh5 Rg8 59. Rf5 f6 60. Rf1 Bc5 61. Rd1 Rd8 $2 {[%mdl 8192] [#]} (61... Bd4 $16 {was called for.}) 62. Rxd8 $18 Kxd8 {KB-KB} 63. h5 Ke7 $2 (63... Bf8 $18 64. Kb3 Ke7) 64. h6 {White mates.} Kf8 65. Bd7 Be3 66. h7 Kg7 67. Bf5 Bf2 68. Kb3 Bxg3 69. c5 {[%cal Bc4c5,Bc5c6][%mdl 32]} Bf2 70. c6 Bb6 71. Bxg4 Kxh7 72. Kb4 Kg6 73. Kb5 Bc7 74. Ka6 Kf7 75. Kb7 {Accuracy: White = 65%, Black = 43%.} 1-0

[Event "Asian Zonal 3.2 2019"]
[Site "Dhaka"]
[Date "2019.03.20"]
[Round "4.4"]
[White "Rahman, Syed Mahfuzur"]
[Black "Reefat, Bin-Sattar"]
[Result "1-0"]
[WhiteElo "2202"]
[BlackElo "2419"]
[Annotator "TA"]
[PlyCount "91"]
[EventDate "2019.03.14"]
[EventType "swiss"]
[EventCountry "BAN"]
[SourceTitle "playchess.com"]
[Source "ChessBase"]
[SourceQuality "1"]

{[%evp 9,91,54,51,51,58,42,43,35,41,38,40,43,60,20,20,22,20,11,11,10,13,0,0,0,0,-11,0,0,0,0,61,61,48,47,70,10,12,11,122,36,133,59,68,56,63,50,50,50,46,42,67,47,66,58,172,165,174,160,157,158,170,167,195,128,190,188,154,112,236,243,287,278,385,335,332,277,376,353,500,481,491,470,436,385]} 1. d4 e6 2. c4 b6 3. e4 Bb7 4. Bd3 Bb4+ 5. Kf1 {[%cal Be1f1,Bf1g2,Bg2g1][%mdl 32]} (5. Bd2 Bxd2+ 6. Qxd2 f5 7. Nc3 Nf6 8. f3 Nc6 9. Nge2 fxe4 10. fxe4 e5 11. d5 Ne7 12. O-O O-O 13. Ng3 {0-1 (31) Riazantsev,A (2650)-Alekseev,E (2616) Riadh 2017}) 5... Be7 6. Nf3 {A40: Unusual replies to 1 d4} d6 7. Nc3 Nd7 {[%cal Bb8d7,Bd7f6,Bf6g4][%mdl 32]} 8. g3 {White is slightly better.} Bf6 9. Kg2 Ne7 10. h4 a6 11. Bg5 (11. Bc2 {seems wilder.} c5 12. d5 exd5 13. cxd5 b5 14. g4) 11... h6 12. Bxf6 Nxf6 13. Re1 $146 O-O 14. Kg1 c5 15. e5 dxe5 16. dxe5 Ng4 17. Be4 Nc6 18. Qxd8 Raxd8 19. Rad1 f5 (19... Rxd1 $11 20. Rxd1 Ba8) 20. exf6 $1 $14 gxf6 21. Nh2 Nge5 22. b3 (22. Na4 $1 $14) 22... Rxd1 $11 23. Rxd1 {next Rd6 is good for White.} f5 (23... Rd8 $1 $11) 24. Bg2 ({White should play} 24. Bxc6 $1 $16 Nxc6 25. Rd6) 24... f4 (24... Rd8 $1 $14) 25. Be4 (25. Re1 $16) 25... fxg3 $14 26. fxg3 Rd8 27. Rxd8+ Nxd8 28. Bxb7 Nxb7 {[%mdl 4096] Endgame KNN-KNN} 29. Kf2 Kf7 30. Ke3 Kf6 31. g4 Kg6 (31... Nd6 $14) 32. Kf4 $18 Nd3+ 33. Ke4 Nb4 34. Nf3 Kf6 35. Ne5 $1 b5 36. cxb5 ({White should try} 36. Kf4 $18) 36... axb5 $16 {[#]} 37. a3 $1 {[%cal Ra3b4]} (37. Nxb5 $6 Nxa2 38. Kf4 Nc1 $14) 37... Nd6+ 38. Kf4 Nc2 {[#]} (38... Na6 $16 39. a4 bxa4) 39. a4 $1 $18 bxa4 40. bxa4 {[%cal Bb3a4,Ba4a5][%mdl 32]} ({Don't do} 40. Nxa4 $6 Nb4 $18) 40... Nb7 41. Nc4 Nb4 42. a5 Ke7 43. h5 Nd3+ (43... Nd8 $142 44. Ne4 Nd3+ 45. Kg3 Kf8) 44. Kg3 {Hoping for a6.White is clearly winning.} Nb4 45. Kh4 Kf7 46. g5 {Accuracy: White = 60%, Black = 33%.} 1-0